000 00316nam a22001217a 4500
999 _c1984
_d1984
008 200210b ||||| |||| 00| 0 eng d
100 _91588
_aHewitt, G. F.
245 1 0 _aProcess heat transfer
_cby G. F. Hewitt
260 _aNew York
_bCRC press
_c1994
300 _axix,1042p.
650 0 _aThermodynamics
942 _cBK